000 00255nam a2200097Ia 4500
008 230907s9999||||xx |||||||||||||| ||und||
082 _a621.3
_b,POW
245 0 _aPowerfactory applications for power system analysis/
300 _axiii,489 p.:
942 _cBK
999 _c597620
_d597620